Normal view
MARC view
- Supervisor : Dr. Emad Ud Din
Entry Personal Name
001 - CONTROL NUMBER
- control field: 119531
003 - CONTROL NUMBER IDENTIFIER
- control field: NUST
005 - DATE AND TIME OF LATEST TRANSACTION
- control field: 20231207144559.0
008 - FIXED-LENGTH DATA ELEMENTS
- fixed length control field: 231207|| aca||aabn | a|a d
040 ## - CATALOGING SOURCE
- Original cataloging agency: NUST
- Transcribing agency: NUST
100 ## - HEADING--PERSONAL NAME
- Personal name: Supervisor : Dr. Emad Ud Din
670 ## - SOURCE DATA FOUND
- Source citation: Work cat.: (NUST): Akram, Shoaib 119530, Effect of Building on Aero-Acoustics of Vertical Axis Wind Turbine /
